Practical Business Statistics (Record no. 4018)

MARC details
005 - DATE AND TIME OF LATEST TRANSACTION
control field 20250614061629.0
020 ## - INTERNATIONAL STANDARD BOOK NUMBER
International Standard Book Number 978-0-12-804250-2
082 ## - DEWEY DECIMAL CLASSIFICATION NUMBER
Classification number 519.5 SIE
100 ## - MAIN ENTRY--PERSONAL NAME
Author name SIEGEL, F. A
245 ## - TITLE STATEMENT
Title Practical Business Statistics
250 ## - EDITION STATEMENT
Edition statement 7th Ed.
260 ## - PUBLICATION, DISTRIBUTION, ETC.
Place of publication, distribution, etc. Boston
Name of publisher, distributor, etc. Elsevier
Date of publication, distribution, etc. 2016.
300 ## - PHYSICAL DESCRIPTION
Extent xiv,622p.:ill.;figures, tables
Other physical details Index
Dimensions 27cm
942 ## - ADDED ENTRY ELEMENTS (KOHA)
Source of classification or shelving scheme Dewey Decimal Classification
Koha item type Books
Holdings
Date last seen Total checkouts Full call number Barcode Cost, replacement price Price effective from Koha item type Lost status Source of classification or shelving scheme Damaged status Not for loan Withdrawn status Home library Current library Shelving location Date acquired Source of acquisition Cost, normal purchase price
06/14/2025   519.SIE MZA0001035 150000.00 06/14/2025 Books   Dewey Decimal Classification       CBE Mwanza CBE Mwanza General Collection 07/01/2007 Library Budget 50000.00
06/14/2025   519.SIE MZA0001036 150000.00 06/14/2025 Books   Dewey Decimal Classification       CBE Mwanza CBE Mwanza General Collection 07/01/2007 Library Budget 50000.00